FUNDING AND FINANCIAL MANAGEMENT OF WORLD HIGHER EDUCATION (Record no. 33667)

MARC details
000 -LEADER
fixed length control field 00324nam a22001337a 4500
003 - CONTROL NUMBER IDENTIFIER
control field SGT
020 ## - INTERNATIONAL STANDARD BOOK NUMBER
International Standard Book Number 8171321291
082 ## - DEWEY DECIMAL CLASSIFICATION NUMBER
Classification number 378.106,SHA
100 ## - MAIN ENTRY--PERSONAL NAME
Personal name SHARMA S.R.
245 ## - TITLE STATEMENT
Title FUNDING AND FINANCIAL MANAGEMENT OF WORLD HIGHER EDUCATION
260 ## - PUBLICATION, DISTRIBUTION, ETC. (IMPRINT)
Place of publication, distribution, etc JAIPUR
Name of publisher, distributor, etc POINTER PUBLISHARS
Year of Publication 1997
300 ## - PAGE DESCRIPTION
No. of Pages 290
942 ## - ADDED ENTRY ELEMENTS (KOHA)
Source of classification or shelving scheme Dewey Decimal Classification
Koha item type Books
Holdings
Withdrawn status Lost status Source of classification or shelving scheme Damaged status Not for loan Collection code Home library Current library Shelving location Date acquired Vendor Name Cost, normal purchase price SGTU Bill Number Full call number Accession No. (Barcode) Date last seen Bill Date Koha item type Total Checkouts
    Dewey Decimal Classification   Not For Loan EDUCATION SGT Engineering Library SGT Engineering Library Reference Book 28/01/2026 BRIJWASI BOOK DISTRIBUTORS 550.00 SGTU IN/BW/000380 378.106,SHA ED5491 28/01/2026 20/12/2025 Books  
    Dewey Decimal Classification     EDUCATION SGT Engineering Library SGT Engineering Library Text Book 28/01/2026 BRIJWASI BOOK DISTRIBUTORS 550.00 SGTU IN/BW/000380 378.106,SHA ED5492 28/01/2026 20/12/2025 Books  
    Dewey Decimal Classification     EDUCATION SGT Engineering Library SGT Engineering Library Text Book 28/01/2026 BRIJWASI BOOK DISTRIBUTORS 550.00 SGTU IN/BW/000380 378.106,SHA ED5493 28/01/2026 20/12/2025 Books